书目信息 |
| 题名: |
消费心理学
|
|
| 作者: | 温孝卿 主编 | |
| 分册: | ||
| 出版信息: | 天津 天津大学出版社 1995.12 |
|
| 页数: | 317页 | |
| 开本: | 20cm | |
| 丛书名: | 当代市场营销丛书 | |
| 单 册: | ||
| 中图分类: | F713.55 | |
| 科图分类: | 59.872 | |
| 主题词: | 消费心理学 , 商业经济--国内 | |
| 电子资源: | ||
| ISBN: | 7-5618-0695-7 | |
| 000 | 00752nam2 2200265 45 | |
| 001 | 2638327620 | |
| 005 | 20260305104832.67 | |
| 010 | @a7-5618-0695-7@dCNY15.00 | |
| 100 | @a19960731d1995 y0chiy0121 ea | |
| 101 | 0 | @achi |
| 102 | @aCN@b120000 | |
| 105 | @ay z 000yy | |
| 200 | 10 | @a消费心理学@AXIAO FEI XIN LI XUE@f温孝卿主编@FWen Xiao Qing Zhu Bian |
| 210 | @a天津@c天津大学出版社@d1995.12 | |
| 215 | @a317页@d20cm | |
| 225 | 2 | @a当代市场营销丛书@v6 |
| 410 | 0 | @120010@a当代市场营销丛书 |
| 540 | 1 | @a消费 心理学@AXIAO FEI XIN LI XUE |
| 606 | @a消费心理学 | |
| 606 | 0 | @a商业经济@x国内 |
| 690 | @aF713.55@v4 | |
| 692 | @a59.872 | |
| 701 | 0 | @a温孝卿@AWEN XIAO QING@4主编 |
| 801 | 0 | @aCN@bTSSF@c19960731 |
| 905 | @aZUCC@dF713.55@e1794 | |
| 消费心理学/温孝卿主编.-天津:天津大学出版社,1995.12 |
| 317页;20cm.-(当代市场营销丛书;6) |
| ISBN 7-5618-0695-7:CNY15.00 |
| ● |
| 相关链接 |
|
|
|
|
正题名:消费心理学
索取号:F713.55/1794
 
预约/预借
| 序号 | 登录号 | 条形码 | 馆藏地/架位号 | 状态 | 备注 |
| 1 | 1442155 | 214421552 | 第一样本阅览室/ [索取号:F713.55/1794] | 在馆 |